| 000 | 00475nam a2200157 4500 | ||
|---|---|---|---|
| 001 | 107786 | ||
| 003 | ES-MaACL | ||
| 007 | t| | ||
| 008 | 061121s1909 sp r ||||1| spa d | ||
| 100 | 1 |
_aMoreno Espinosa, Alfonso. _983369 |
|
| 245 | 1 | 0 |
_aCompendio de historia de España / _cAlfonso Moreno Espinosa. |
| 260 |
_a[Barcelona : _bs.n., _c1909] |
||
| 300 |
_a576 p. ; _c23. |
||
| 500 | _aEjemplar falto de portada y de algunas páginas al final. | ||
| 852 |
_aES-MaACL _jB-3052 |
||
| 999 |
_c107786 _d107786 |
||